000 00503nam a2200193Ia 4500
003 LK-CoDNM
005 20240306095645.0
008 010623t1934 xxu||||| |||| 00| 1 sin d
040 _aLK-CoDNM
_dLK-CoDNM
_eLK-CoDNM
041 _asin
080 _a104 Z.17
100 _aMunidasa,Hemapala
245 _aමළවුන් අතර ජීවිතය
246 _aLife Among the dead
260 _bP.A.Somapala
_aMatara
_c1934
300 _bDamaged
_a116p.,22 cm
650 _aNovel
942 _cBK
999 _c97392
_d97392